[Event "Regionalliga Sued-Ost 1819"]
[Site "Bayern"]
[Date "2019.02.24"]
[Round "7.5"]
[White "Stadler, Helmut"]
[Black "Duraku, Emin"]
[Result "1/2-1/2"]
[WhiteElo "1793"]
[BlackElo "2009"]
[PlyCount "53"]
[EventDate "2018.10.21"]
[EventType "team-tourn"]
[EventRounds "9"]
[EventCountry "GER"]
[SourceTitle "EXT 2022"]
[Source "ChessBase"]
[SourceDate "2021.10.06"]
[SourceVersion "1"]
[SourceVersionDate "2021.10.06"]
[SourceQuality "1"]
[WhiteTeam "Grafenau"]
[BlackTeam "Ingolstadt"]
[WhiteTeamCountry "GER"]
[BlackTeamCountry "GER"]

1. e4 c5 2. Nf3 d6 3. Nc3 Nf6 4. b3 Nc6 5. Bb2 e5 6. h3 Be7 7. Be2 0-0 8. 0-0 a6 9. d3 b5 10. Qd2 Nd4 11. Bd1 b4 12. Nb1 Ne6 13. a3 bxa3 14. Nxa3 Nf4 15. Kh2 Ne8 16. Nc4 f5 17. Qa5 Bb7 18. exf5 Rxf5 19. Ne3 Rf8 20. Qxd8 Rxd8 21. Nd2 Nc7 22. g3 Nfe6 23. Nec4 Nb5 24. Na5 Ba8 25. Nac4 Bb7 26. Na5 Ba8 27. Nac4 1/2-1/2

[Event "Regionalliga Sued-Ost 1819"]
[Site "Bayern"]
[Date "2018.11.11"]
[Round "2.5"]
[White "Tuchenhagen, Axel"]
[Black "Stadler, Helmut"]
[Result "1-0"]
[WhiteElo "2034"]
[BlackElo "1793"]
[PlyCount "85"]
[EventDate "2018.10.21"]
[EventType "team-tourn"]
[EventRounds "9"]
[EventCountry "GER"]
[SourceTitle "EXT 2022"]
[Source "ChessBase"]
[SourceDate "2021.10.06"]
[SourceVersion "1"]
[SourceVersionDate "2021.10.06"]
[SourceQuality "1"]
[WhiteTeam "Starnberg SC"]
[BlackTeam "Grafenau"]
[WhiteTeamCountry "GER"]
[BlackTeamCountry "GER"]

1. d4 Nf6 2. c4 g6 3. Nc3 Bg7 4. e4 d6 5. Nge2 0-0 6. Ng3 e5 7. d5 Nbd7 8. Be2 Nc5 9. h4 h6 10. h5 g5 11. b4 Na6 12. a3 Nh7 13. Bg4 Bd7 14. Bf5 Qe7 15. Be3 c6 16. Rc1 c5 17. bxc5 Nxc5 18. Bxc5 dxc5 19. Rb1 Rab8 20. f3 Rfd8 21. Bxd7 Rxd7 22. Qa4 a6 23. Nf5 Qd8 24. g4 Nf8 25. Rh2 Rc7 26. Rhb2 Rd7 27. Rb6 Kh7 28. Qb3 Qc8 29. Rxa6 b5 30. cxb5 Qxa6 31. bxa6 Rxb3 32. Rxb3 Ra7 33. Rb6 Nd7 34. Rb7 Rxa6 35. Rxd7 Kg8 36. a4 Rb6 37. Nb5 Ra6 38. Ra7 Rb6 39. Kd2 Bf8 40. Ra8 f6 41. Kd3 Rb7 42. Kc4 Kh7 43. Ra7 1-0

[Event "Niederbayernliga 0910"]
[Site "Germany"]
[Date "2010.02.07"]
[Round "6.5"]
[White "Stadler, Helmut"]
[Black "Zankl, Thomas"]
[Result "1/2-1/2"]
[WhiteElo "1757"]
[BlackElo "1909"]
[PlyCount "66"]
[EventDate "2009.10.18"]
[EventType "team-tourn"]
[EventRounds "9"]
[EventCountry "GER"]
[SourceTitle "EXT 2011"]
[Source "ChessBase"]
[SourceDate "2010.11.26"]
[SourceVersion "1"]
[SourceVersionDate "2010.11.26"]
[SourceQuality "1"]
[WhiteTeam "Grafenau"]
[BlackTeam "Rottal II"]
[WhiteTeamCountry "GER"]
[BlackTeamCountry "GER"]

1. e4 e6 2. d4 d5 3. exd5 exd5 4. Nf3 Nf6 5. Be2 Bd6 6. Bg5 0-0 7. 0-0 Be6 8. Nbd2 Nbd7 9. Re1 c6 10. Rc1 Qc7 11. b3 Bf4 12. g3 Bxg5 13. Nxg5 Bf5 14. Ngf3 Rfe8 15. Nh4 Bh3 16. Bf3 Rxe1+ 17. Qxe1 Re8 18. Qd1 Nf8 19. Nf1 Ne6 20. Qd2 Ne4 21. Bxe4 dxe4 22. Qe3 f5 23. Nd2 b5 24. b4 Qe7 25. a3 Nc7 26. Re1 g5 27. Nhf3 h6 28. Ne5 Qf6 29. Qc3 Re6 30. Qc5 a6 31. Qa7 Qd8 32. Nb3 Qd6 33. Qc5 Qd5 1/2-1/2

[Event "Niederbayernliga 0910"]
[Site "Germany"]
[Date "2009.12.13"]
[Round "4.5"]
[White "Stadler, Helmut"]
[Black "Berisha, Regjep"]
[Result "1/2-1/2"]
[WhiteElo "1757"]
[BlackElo "1878"]
[PlyCount "28"]
[EventDate "2009.10.18"]
[EventType "team-tourn"]
[EventRounds "9"]
[EventCountry "GER"]
[SourceTitle "EXT 2011"]
[Source "ChessBase"]
[SourceDate "2010.11.26"]
[SourceVersion "1"]
[SourceVersionDate "2010.11.26"]
[SourceQuality "1"]
[WhiteTeam "Grafenau"]
[BlackTeam "Roehrnbach"]
[WhiteTeamCountry "GER"]
[BlackTeamCountry "GER"]

1. e4 g6 2. d4 Bg7 3. Nf3 d6 4. Nc3 Nc6 5. Be3 a6 6. h3 e5 7. Be2 exd4 8. Nxd4 Nge7 9. 0-0 0-0 10. Qd2 f5 11. exf5 Nxf5 12. Nxc6 bxc6 13. Rab1 d5 14. Bc5 Rf7 1/2-1/2

[Event "Niederbayernliga 0809"]
[Site "Germany"]
[Date "2009.03.15"]
[Round "8.5"]
[White "Stadler, Helmut"]
[Black "Wist, Dieter"]
[Result "1-0"]
[WhiteElo "1769"]
[BlackElo "1834"]
[PlyCount "63"]
[EventDate "2008.10.05"]
[EventType "team-tourn"]
[EventRounds "9"]
[EventCountry "GER"]
[SourceTitle "EXT 2010"]
[Source "ChessBase"]
[SourceDate "2010.11.25"]
[SourceVersion "1"]
[SourceVersionDate "2010.11.25"]
[SourceQuality "1"]
[WhiteTeam "Grafenau"]
[BlackTeam "Ergolding"]
[WhiteTeamCountry "GER"]
[BlackTeamCountry "GER"]

1. e4 c5 2. Nf3 e6 3. d4 cxd4 4. Nxd4 Nf6 5. Bd3 Nc6 6. Nf3 Qc7 7. a3 Be7 8. Nc3 a6 9. 0-0 0-0 10. h3 b5 11. Bg5 Bb7 12. Qe2 Rfe8 13. Rad1 d6 14. Rd2 Rad8 15. Rfd1 Na7 16. Qe3 Bc6 17. Nd4 Nc8 18. Nxc6 Qxc6 19. Qe2 Na7 20. Na2 Qb7 21. c4 bxc4 22. Bxc4 Qxe4 23. Bxa6 Qxe2 24. Rxe2 Nd5 25. Rxd5 exd5 26. Rxe7 Rxe7 27. Bxe7 Re8 28. Bg5 Re1+ 29. Kh2 f6 30. Bf4 Kf7 31. Nb4 Ke6 32. Be3 1-0

[Event "Niederbayernliga 0809"]
[Site "Germany"]
[Date "2009.01.18"]
[Round "5.5"]
[White "Stadler, Helmut"]
[Black "Faltlhauser, Michael"]
[Result "1/2-1/2"]
[WhiteElo "1769"]
[BlackElo "1689"]
[PlyCount "44"]
[EventDate "2008.10.05"]
[EventType "team-tourn"]
[EventRounds "9"]
[EventCountry "GER"]
[SourceTitle "EXT 2010"]
[Source "ChessBase"]
[SourceDate "2010.11.25"]
[SourceVersion "1"]
[SourceVersionDate "2010.11.25"]
[SourceQuality "1"]
[WhiteTeam "Grafenau"]
[BlackTeam "Adlkofen"]
[WhiteTeamCountry "GER"]
[BlackTeamCountry "GER"]

1. e4 c5 2. Nf3 d6 3. Nc3 Nf6 4. Be2 a6 5. 0-0 b5 6. d3 Bb7 7. Bg5 Nbd7 8. a3 g6 9. Qd2 Bg7 10. Bh6 0-0 11. Bxg7 Kxg7 12. Rad1 Qc7 13. Nh4 Rfc8 14. Qg5 e6 15. f4 b4 16. Nb1 c4 17. Bf3 cxd3 18. cxd3 bxa3 19. Nxa3 Qc5+ 20. Qxc5 Nxc5 21. b4 Na4 22. Rc1 d5 1/2-1/2

[Event "Niederbayernliga 0809"]
[Site "Germany"]
[Date "2008.11.30"]
[Round "3.5"]
[White "Stadler, Helmut"]
[Black "Haselbeck, Franz"]
[Result "0-1"]
[WhiteElo "1769"]
[BlackElo "1907"]
[PlyCount "88"]
[EventDate "2008.10.05"]
[EventType "team-tourn"]
[EventRounds "9"]
[EventCountry "GER"]
[SourceTitle "EXT 2010"]
[Source "ChessBase"]
[SourceDate "2010.11.25"]
[SourceVersion "1"]
[SourceVersionDate "2010.11.25"]
[SourceQuality "1"]
[WhiteTeam "Grafenau"]
[BlackTeam "Deggendorf"]
[WhiteTeamCountry "GER"]
[BlackTeamCountry "GER"]

1. e4 d5 2. e5 Bf5 3. d4 e6 4. Bb5+ c6 5. Ba4 Nd7 6. Nf3 Ne7 7. 0-0 Bg6 8. c3 Nf5 9. b4 Nb6 10. Bc2 Nc4 11. Bd3 a5 12. Bxc4 dxc4 13. bxa5 Qxa5 14. Qe2 b5 15. h3 Ne7 16. Ne1 Nd5 17. Bb2 Bxb1 18. Rxb1 Nxc3 19. Bxc3 Qxc3 20. Qe4 Rc8 21. f4 g6 22. a4 b4 23. Rf3 Qd2 24. Rf2 Qc3 25. Rc2 Qa3 26. Rxc4 Qxa4 27. Nd3 Qb5 28. Rbc1 Be7 29. Nc5 b3 30. Qb1 b2 31. R1c2 Rb8 32. R4c3 Qb4 33. Rc4 Qa3 34. Ra4 Qe3+ 35. Kh1 Qxf4 36. Na6 Rb7 37. Rxc6 0-0 38. Rc2 Bg5 39. Nc5 Rb5 40. Nd3 Qg3 41. Nxb2 Rfb8 42. Ra2 Bf4 43. Qg1 Rb3 44. Qh2 Qxh2# 0-1

[Event "Niederbayernliga 0809"]
[Site "Germany"]
[Date "2008.10.26"]
[Round "2.5"]
[White "Grimm, Markus"]
[Black "Stadler, Helmut"]
[Result "1/2-1/2"]
[WhiteElo "1871"]
[BlackElo "1769"]
[PlyCount "35"]
[EventDate "2008.10.05"]
[EventType "team-tourn"]
[EventRounds "9"]
[EventCountry "GER"]
[SourceTitle "EXT 2010"]
[Source "ChessBase"]
[SourceDate "2010.11.25"]
[SourceVersion "1"]
[SourceVersionDate "2010.11.25"]
[SourceQuality "1"]
[WhiteTeam "Straubing"]
[BlackTeam "Grafenau"]
[WhiteTeamCountry "GER"]
[BlackTeamCountry "GER"]

1. d4 Nf6 2. Nf3 g6 3. e3 Bg7 4. Bd3 d5 5. Nbd2 0-0 6. 0-0 Bg4 7. h3 Bd7 8. Ne5 Nc6 9. Nxd7 Nxd7 10. c4 e6 11. cxd5 exd5 12. Nf3 Re8 13. Bd2 Nf6 14. Rc1 a6 15. Qb3 Qc8 16. Rfd1 Nd8 17. Ne5 c6 18. Qc2 1/2-1/2

[Event "Niederbayernliga 0809"]
[Site "Germany"]
[Date "2008.10.05"]
[Round "1.5"]
[White "Stadler, Helmut"]
[Black "Bergmann, Reiner"]
[Result "1/2-1/2"]
[WhiteElo "1769"]
[BlackElo "1687"]
[PlyCount "46"]
[EventDate "2008.10.05"]
[EventType "team-tourn"]
[EventRounds "9"]
[EventCountry "GER"]
[SourceTitle "EXT 2010"]
[Source "ChessBase"]
[SourceDate "2010.11.25"]
[SourceVersion "1"]
[SourceVersionDate "2010.11.25"]
[SourceQuality "1"]
[WhiteTeam "Grafenau"]
[BlackTeam "Bayerwald"]
[WhiteTeamCountry "GER"]
[BlackTeamCountry "GER"]

1. e4 d5 2. exd5 Qxd5 3. Nc3 Qa5 4. Nf3 Nf6 5. Be2 Bf5 6. d3 c6 7. 0-0 Qc7 8. Nd4 Bg6 9. Be3 Nbd7 10. f4 e6 11. f5 exf5 12. Nxf5 Bxf5 13. Rxf5 Bd6 14. h3 0-0-0 15. a3 Rde8 16. Bd4 Re7 17. b4 Rhe8 18. Qf1 Bg3 19. Bf2 Bxf2+ 20. Qxf2 Re5 21. Rf1 Rxf5 22. Qxf5 Qb6+ 23. Qf2 Qxf2+ 1/2-1/2

[Event "Miercurea Ciuc Banc Post op 10th"]
[Site "Miercurea Ciuc"]
[Date "2007.08.19"]
[Round "1"]
[White "Stadler, Helmut"]
[Black "Andre, Matyas Jozsef"]
[Result "0-1"]
[WhiteElo "2012"]
[BlackElo "616"]
[PlyCount "82"]
[EventDate "2007.08.19"]
[EventType "swiss"]
[EventRounds "9"]
[EventCountry "ROU"]
[SourceTitle "EXT 2010"]
[Source "ChessBase"]
[SourceDate "2010.11.25"]
[SourceVersion "1"]
[SourceVersionDate "2010.11.25"]
[SourceQuality "1"]

1. c4 Nf6 2. Nc3 g6 3. g3 Bg7 4. Bg2 c6 5. e4 d6 6. Nge2 e5 7. 0-0 Be6 8. Qb3 Qb6 9. Qxb6 axb6 10. d3 Na6 11. Be3 Nc5 12. Rfd1 Ng4 13. Bxc5 bxc5 14. Rdb1 Ke7 15. b4 cxb4 16. Rxb4 Rhb8 17. Rab1 Ra7 18. Rb6 Bd7 19. R1b3 Kd8 20. h3 Nh6 21. g4 Kc7 22. f3 f5 23. g5 Nf7 24. h4 h6 25. gxh6 Bxh6 26. Bh3 Be3+ 27. Kg2 Bxb6 28. exf5 Bxf5 29. Bxf5 gxf5 30. Ng3 Rg8 31. Kh3 Nh6 32. Rb2 Bd4 33. Nge2 Bxc3 34. Nxc3 f4 35. Ne4 Ra3 36. Rd2 Nf5 37. h5 Rh8 38. Kg4 Ne3+ 39. Kg5 Rg8+ 40. Kh6 Nf5+ 41. Kh7 Rg7+ 0-1

[Event "Niederbayernliga 0708"]
[Site "Germany"]
[Date "2007.03.09"]
[Round "7.5"]
[White "Stadler, Helmut"]
[Black "Gruber, Roland"]
[Result "1-0"]
[WhiteElo "1770"]
[BlackElo "1663"]
[PlyCount "53"]
[EventDate "2007.10.21"]
[EventType "team"]
[EventRounds "9"]
[EventCountry "GER"]
[SourceTitle "EXT 2009"]
[Source "ChessBase"]
[SourceDate "2008.11.26"]
[SourceVersion "1"]
[SourceVersionDate "2008.11.26"]
[SourceQuality "1"]
[WhiteTeam "Grafenau"]
[BlackTeam "Schaibing"]
[WhiteTeamCountry "GER"]
[BlackTeamCountry "GER"]

1. e4 c5 2. Nf3 e6 3. d4 cxd4 4. Nxd4 a6 5. Bd3 Nf6 6. 0-0 Qc7 7. Be3 b5 8. Nd2 Bb7 9. Rc1 Nc6 10. Nxc6 Bxc6 11. a3 d6 12. c4 b4 13. a4 Nd7 14. b3 Nc5 15. Bc2 Be7 16. Qg4 Bf6 17. Rcd1 Qe7 18. f4 e5 19. f5 h5 20. Qg3 Rh7 21. Qf2 Nd7 22. Nf3 g5 23. fxg6 fxg6 24. Qd2 Nc5 25. Qxd6 Bxe4 26. Bxe4 Qxd6 27. Bxg6+ 1-0

[Event "Niederbayernliga 0708"]
[Site "Germany"]
[Date "2007.02.17"]
[Round "6.5"]
[White "Angermeier, Gerhard"]
[Black "Stadler, Helmut"]
[Result "0-1"]
[WhiteElo "1742"]
[BlackElo "1770"]
[PlyCount "104"]
[EventDate "2007.10.21"]
[EventType "team"]
[EventRounds "9"]
[EventCountry "GER"]
[SourceTitle "EXT 2009"]
[Source "ChessBase"]
[SourceDate "2008.11.26"]
[SourceVersion "1"]
[SourceVersionDate "2008.11.26"]
[SourceQuality "1"]
[WhiteTeam "Rottal II"]
[BlackTeam "Grafenau"]
[WhiteTeamCountry "GER"]
[BlackTeamCountry "GER"]

1. e4 e5 2. Nf3 Nc6 3. Bb5 a6 4. Ba4 d6 5. c3 b5 6. Bc2 Bg4 7. h3 Bh5 8. d3 Be7 9. 0-0 Nf6 10. Re1 Qd7 11. a4 0-0 12. Nbd2 h6 13. Nf1 Nh7 14. Ng3 Bg6 15. Bd2 Rfb8 16. b4 Nd8 17. axb5 axb5 18. Qc1 c6 19. Qb2 Qb7 20. Rxa8 Rxa8 21. Ra1 Ne6 22. Ra2 Nhg5 23. Ne1 Nh7 24. Qa1 Rxa2 25. Qxa2 d5 26. Bb3 Nc7 27. Nc2 Bh4 28. Nf5 Bxf5 29. exf5 Be7 30. Be3 Nf6 31. Qa7 Qxa7 32. Bxa7 Nfe8 33. Kf1 Nd6 34. Bb8 Nce8 35. g4 e4 36. Nd4 exd3 37. Nxc6 Bf6 38. Nd4 Bxd4 39. cxd4 Nc4 40. Ke1 Nf6 41. f3 Kf8 42. Bf4 Nd7 43. Bxc4 dxc4 44. Kd2 Ke7 45. Bc7 Nf6 46. Bb6 Nd5 47. Bc5+ Kf6 48. Bf8 g6 49. Bxh6 gxf5 50. Bf8 fxg4 51. fxg4 Kg5 52. Bd6 Kh4 0-1

[Event "Niederbayernliga 0607"]
[Site "Germany"]
[Date "2006.??.??"]
[Round "2.7"]
[White "Stadler, Helmut"]
[Black "Endler, Johannes"]
[Result "0-1"]
[WhiteElo "1740"]
[BlackElo "1767"]
[PlyCount "186"]
[EventDate "2006.??.??"]
[EventType "team"]
[EventRounds "9"]
[EventCountry "GER"]
[SourceTitle "EXT 2008"]
[Source "ChessBase"]
[SourceDate "2007.11.25"]
[SourceVersion "1"]
[SourceVersionDate "2007.11.25"]
[SourceQuality "1"]
[WhiteTeam "Grafenau"]
[BlackTeam "Simbach"]
[WhiteTeamCountry "GER"]
[BlackTeamCountry "GER"]

1. e4 e6 2. d4 c5 3. c3 d5 4. dxc5 Bxc5 5. exd5 exd5 6. Nf3 Nf6 7. Bg5 0-0 8. Be2 Be6 9. 0-0 Nbd7 10. Nbd2 Qc7 11. Nb3 Bd6 12. Nbd4 a6 13. h3 Ne4 14. Bd3 Ndc5 15. Bc2 Bf4 16. Bxf4 Qxf4 17. Ne2 Qc7 18. Nfd4 Rad8 19. Qe1 Bc8 20. f3 Nf6 21. Qh4 Qd6 22. Ng3 Ne6 23. Ngf5 Qf4 24. Qxf4 Nxf4 25. Ne7+ Kh8 26. Nxc8 Rxc8 27. Rfe1 Rfe8 28. Nf5 g6 29. Nd6 Rxe1+ 30. Rxe1 Rc7 31. Ne8 Nxe8 32. Rxe8+ Kg7 33. Rd8 d4 34. g3 dxc3 35. bxc3 Ne2+ 36. Kf2 Nxc3 37. Rd2 Nxa2 38. Bb3 Nb4 39. g4 Rc3 40. Bd1 Nd3+ 41. Kg3 Nc5 42. Rb2 b5 43. Be2 Kf6 44. h4 Ke5 45. Bxb5 axb5 46. Rxb5 Kd6 47. Rb8 Ke7 48. g5 Ne4+ 49. Kf4 Nd2 50. Rh8 Rxf3+ 51. Kg4 Rd3 52. Rxh7 Rd4+ 53. Kg3 Ne4+ 54. Kf3 Nd6 55. h5 Ke6 56. h6 Rh4 57. Rh8 Nf5 58. Re8+ Kd7 59. Ra8 Nxh6 60. gxh6 Rxh6 61. Kg4 Rh5 62. Ra6 Ke7 63. Rb6 Rd5 64. Ra6 Rd6 65. Ra7+ Ke6 66. Ra5 f6 67. Rb5 Rd4+ 68. Kf3 g5 69. Ke3 Rd5 70. Rb4 f5 71. Rb8 Ra5 72. Re8+ Kf7 73. Rb8 Ra3+ 74. Kf2 g4 75. Rb6 Rf3+ 76. Kg2 f4 77. Ra6 Re3 78. Ra4 Rg3+ 79. Kf2 Rf3+ 80. Kg2 Kf6 81. Ra5 Re3 82. Kf2 g3+ 83. Kg2 Re5 84. Ra8 Re2+ 85. Kf1 Rf2+ 86. Kg1 Kf5 87. Rf8+ Kg4 88. Rg8+ Kf3 89. Ra8 Re2 90. Ra3+ Re3 91. Ra1 g2 92. Kh2 Kf2 93. Rg1 Rh3+ 0-1

[Event "Niederbayernliga 0607"]
[Site "Germany"]
[Date "2006.??.??"]
[Round "4.7"]
[White "Stadler, Helmut"]
[Black "Wimmer, Juergen"]
[Result "1-0"]
[WhiteElo "1740"]
[BlackElo "1788"]
[PlyCount "87"]
[EventDate "2006.??.??"]
[EventType "team"]
[EventRounds "9"]
[EventCountry "GER"]
[SourceTitle "EXT 2008"]
[Source "ChessBase"]
[SourceDate "2007.11.25"]
[SourceVersion "1"]
[SourceVersionDate "2007.11.25"]
[SourceQuality "1"]
[WhiteTeam "Grafenau"]
[BlackTeam "Vilshofen"]
[WhiteTeamCountry "GER"]
[BlackTeamCountry "GER"]

1. e4 g6 2. d4 Bg7 3. Nf3 d6 4. Be2 c6 5. 0-0 Bg4 6. c3 Nf6 7. Qc2 0-0 8. Bg5 Re8 9. Nbd2 Qc7 10. h3 Bxf3 11. Bxf3 Nbd7 12. Rfe1 c5 13. d5 b5 14. Be2 Rab8 15. Rac1 a6 16. a3 c4 17. Be3 Nc5 18. f3 Nfd7 19. f4 e6 20. dxe6 fxe6 21. Bf2 e5 22. f5 gxf5 23. exf5 e4 24. Bh5 Nd3 25. Bxe8 Rxe8 26. Nxe4 Nxc1 27. Qxc1 h6 28. Qf4 Rf8 29. g4 Ne5 30. Re2 Qf7 31. Bd4 Qd5 32. Bxe5 Bxe5 33. Qd2 Qxd2 34. Rxd2 Rd8 35. Nc5 a5 36. Kf2 Ra8 37. Nd7 Bf4 38. Rd4 Bc1 39. a4 Bxb2 40. axb5 Bxc3 41. Rxc4 Ra7 42. Rxc3 Rxd7 43. b6 Rb7 44. Rc8+ 1-0

[Event "Niederbayernliga 0405"]
[Site "Germany"]
[Date "2004.??.??"]
[Round "4"]
[White "Stadler, Helmut"]
[Black "Hackbarth, Christa"]
[Result "0-1"]
[WhiteElo "1776"]
[BlackElo "1812"]
[PlyCount "104"]
[EventDate "2004.??.??"]
[EventType "team"]
[EventRounds "9"]
[EventCountry "GER"]
[SourceTitle "EXT 2008"]
[Source "ChessBase"]
[SourceDate "2007.11.25"]
[SourceVersion "1"]
[SourceVersionDate "2007.11.25"]
[SourceQuality "1"]
[WhiteTeam "Grafenau"]
[BlackTeam "Simbach"]
[WhiteTeamCountry "GER"]
[BlackTeamCountry "GER"]

1. e4 c6 2. d4 d5 3. exd5 cxd5 4. Nf3 Nf6 5. c3 Bg4 6. Be2 e6 7. Bg5 Be7 8. 0-0 0-0 9. Nbd2 Nbd7 10. Re1 Re8 11. Qa4 Qc7 12. Bb5 a6 13. Bd3 Bh5 14. Rac1 b5 15. Qc2 Bg6 16. Bxg6 hxg6 17. Qd3 Rac8 18. a4 Qb7 19. axb5 axb5 20. b3 Ra8 21. Ra1 Bd6 22. h3 Rec8 23. b4 Rxa1 24. Rxa1 Ne4 25. Nb1 Ra8 26. Ra3 Qc6 27. Bd2 Nxd2 28. Nfxd2 Rb8 29. Ra5 Bc7 30. Ra2 Nf6 31. Nb3 Ne4 32. Nc5 Nxc5 33. bxc5 e5 34. Rb2 exd4 35. cxd4 b4 36. Nd2 Qa4 37. Qb3 Qa1+ 38. Nf1 Bd8 39. c6 Bc7 40. g3 Rb6 41. Qc2 Qa8 42. Ne3 Rxc6 43. Qb3 Rc1+ 44. Kg2 Qa1 45. Nxd5 Bd6 46. Nxb4 Rh1 47. Nd3 Qf1+ 48. Kf3 Qxh3 49. Qb5 Rd1 50. Qe8+ Kh7 51. Qe4 f5 52. Qe2 Qh1+ 0-1